| 000 | 04730cam a2200625 i 4500 | ||
|---|---|---|---|
| 001 | on1053571332 | ||
| 003 | OCoLC | ||
| 005 | 20210125113413.0 | ||
| 008 | 180905s2019 enka b 001 0 eng d | ||
| 010 | _a 2018957196 | ||
| 040 |
_aYDX _beng _erda _erda _cDLC _dOCLCO _dOCLCQ _dOCLCO _dBECOE _dOCL _dCLU _dCHVBK _dOCLCO _dNLVRD |
||
| 015 |
_aGBB918996 _2bnb |
||
| 016 | 7 |
_a019226724 _2Uk |
|
| 019 | _a1089938793 | ||
| 020 | _a9780198837176 | ||
| 020 | _a0198837178 | ||
| 029 | 1 |
_aUKMGB _b019226724 |
|
| 029 | 1 |
_aCHVBK _b592511499 |
|
| 029 | 1 |
_aCHDSB _b007203397 |
|
| 035 |
_a(OCoLC)1053571332 _z(OCoLC)1089938793 |
||
| 042 | _alccopycat | ||
| 043 | _ae------ | ||
| 050 | 0 | 0 |
_aKJE2655 _b.R67 2019 |
| 082 | 0 | 4 | _a349.497 |
| 049 | _aTZAA | ||
| 100 | 1 |
_aRosati, Eleonora, _eauthor. |
|
| 245 | 1 | 0 |
_aCopyright and the Court of Justice of the European Union / _cEleonora Rosati. |
| 250 | _aFirst edition. | ||
| 264 | 1 |
_aOxford, United Kingdom : _bOxford University Press, _c2019. |
|
| 300 |
_axxxiv, 273 pages : _billustrations ; _c24 cm |
||
| 336 |
_atext _btxt _2rdacontent |
||
| 337 |
_aunmediated _bn _2rdamedia |
||
| 338 |
_avolume _bnc _2rdacarrier |
||
| 504 | _aIncludes bibliographical references (pages 247-261) and index. | ||
| 505 | 0 | _aI. EU harmonization and the functioning of the CJEU -- EU copyright harmonization and CJEU role and action -- Standards applied in relevant copyright rulings : a data-based case law analysis -- II. Beyond the law? : a CJEU-made copyright system -- Towards less flexibility : EU preemption -- The construction of economic rights in the InfoSoc Directive -- The construction of exceptions and limitations in the InfoSoc Directive -- Enforcement of copyright -- III. The legacy of the CJEU -- Relevance of EU copyright law to (future) non-EU member states -- CJEU case law and the interplay with policy and legislative action in the DSM [Digital Single Market] -- Summary and conclusion: Copyright and the CJEU : role, action, legacy. | |
| 520 | 8 | _aThis title focuses specifically on the role, action, and legacy of the Court of Justice of the European Union (CJEU) in the field of copyright, also by providing an exclusive survey that covers two decades (1998 - 2018) of CJEU decisions in this area of the law. The main objective of this work is providing readers with a sense of direction of EU copyright case law. In order to achieve this, an attempt of 'tidying up' and rationalizing existing rulings is carried out. The book consists of three parts. The first part explores the role of the CJEU in copyright cases. Besides outlining the history of EU copyright harmonization and providing statistical data concerning the Court's activity, it extracts the key standards employed in copyright case law, explains their meaning and significance, and carries out a novel statistical analysis aimed at mapping relations between the various standards. Following a discussion of the impact of CJEU interpretation of certain EU copyright provisions (notably their preemptive force on individual EU Member States' freedom), the second part is concerned with CJEU action (and vision) in respect of three key areas of copyright: the construction of economic rights; exceptions and limitations; and enforcement. The final part focuses on CJEU legacy broadly intended. It tackles two distinct perspectives, these being the effect on national copyright laws and the current policy discourse around EU copyright reform. As regards the former, the book discusses the default consequences of the departure of a certain Member State from the EU. In relation to the latter, attention is focused on a number of selected areas, which require to be considered in light, not just of existing legislation, but also - and perhaps most importantly - existing case law. | |
| 610 | 2 | 0 | _aCourt of Justice of the European Union. |
| 650 | 0 |
_aCopyright _zEuropean Union countries. |
|
| 610 | 2 | 7 |
_aCourt of Justice of the European Union. _2fast _0(OCoLC)fst01912864 |
| 650 | 7 |
_aCopyright. _2fast _0(OCoLC)fst00878706 |
|
| 651 | 7 |
_aEuropean Union countries. _2fast _0(OCoLC)fst01269470 |
|
| 610 | 2 | 7 |
_aEurop�aischer Gerichtshof _2gnd _0(DE-588)5103273-9 |
| 650 | 7 |
_aRechtsprechung _2gnd _0(DE-588)4115710-2 |
|
| 650 | 7 |
_aRechtsvereinheitlichung _2gnd _0(DE-588)4048849-4 |
|
| 650 | 7 |
_aUrheberrecht _2gnd _0(DE-588)4062127-3 |
|
| 650 | 7 |
_aEuropean Union. _2pplt |
|
| 650 | 7 |
_aCourt of Justice of the European Union. _2pplt |
|
| 650 | 7 |
_aCopyright law. _2pplt |
|
| 650 | 7 |
_aIntellectual property. _2pplt |
|
| 650 | 7 |
_aCases. _2pplt |
|
| 938 |
_aBrodart _bBROD _n123457262 |
||
| 938 |
_aErasmus Boekhandel _bERAA _nNTS0000303201 |
||
| 938 |
_aYBP Library Services _bYANK _n15701789 |
||
| 994 |
_aC0 _bTZACH |
||
| 999 |
_c6251 _d6251 |
||